000 00646nam a2200181Ia 4500
003 GCL
008 140319s9999 xx 000 0 ara d
040 _aGCL /
_cGCL
082 0 4 _a791.4
_bن ل
100 1 _aنسمة احمد البطريق
245 1 0 _aلغة السينما والتليفزيون حول تأصيل تحليل مضمون الفكر المرئى والمسموع /
_cنسمة احمد البطريق
300 _a142 ص
490 _aالهيئة العامة للاستعلامات
_v0
650 0 4 _aالتليفزيون
650 0 4 _aالسينما
650 0 4 _aالسينما والتليفزيون
942 _2ddc
_cBK
999 _c49927
_d49927